000 00678nam a2200289Ia 4500
005 20260324144505.0
008 008 260324s9999 xx 000 0 eng d
020 _a9781003419075
037 _aEBOOK
040 _aCRL
040 _beng
040 _cCRL
041 _2eng
041 _aeng
084 _qCRL
100 _aCesar Grana
_91213344
245 0 _aMeaning and Authenticity
245 0 _bFurther Works in the Sociology of Art
260 _bTaylor and Francis
260 _c1988
365 _a
365 _b170
856 _uhttp://www.taylorfrancis.com/books/9781003419075
942 _cEBOOK
999 _c1826198
_d1826198